000 00729nam a2200217Ii 4500
003 JO-AjNU
008 230605s9999||||xx |||||||||||||| ||und||
017 _a1999/10/1311
040 _aJO-AjNU
_bara
_erda
_cJO-AjNU
041 _aara
050 1 4 _aQA76.76.O63.U77482 1999
100 3 _aالعقيلي ، صالح ارشيد,
_eauthor
_933238
245 0 0 _aالمهارات الحاسوبية الاساسية والبرمجيات الجاهزة 2000
250 _aط1
264 3 1 _aعمان:دار الشروق ، 1999
300 _a195ص
336 _atext
_btxt
_2rdacontent
337 _aunmediated
_bn
_2rdamedia
338 _avolume
_bnc
_2rdacarrier
650 4 _aالمعارف العامه -الحاسوب
_933239
999 _aA13507
_c17075
_d17075